000 01046nam a2200457Ia 4500
001 11778
003 23160
005 20241107113811.0
008 ||||||n9999 ||| || ||
041 _aspa
082 _219
_a9231861
100 _aMarroquín, José Manuel
_918816
245 0 _aDon José Manuel Marroquín íntimo
260 _aBogotá :
_bArboleda & Valencia,
_c1955.
300 _a520p
562 _e2
650 0 _aColombia--historia--1886-1903
_919594
650 _aCOLOMBIA--POLITICA Y GOBIERNO--1900-1903
_919595
650 _aMARROQUIN, JOSE MANUEL, 1827-1908
_919596
942 _cBKM
999 _c11778
_d11778
526 _a
526 _a17598
526 _a102617
526 _a102618
526 _a15794
526 _a102619
526 _a1703
526 _a102620
526 _a10406
526 _a105630
526 _a1698
526 _a116204
526 _a51868
526 _a4969
526 _a19790
526 _a104436
526 _a5144
526 _a1697
526 _a3899
526 _a9683